| 000 | 00875nam a2200277 a 4500 | ||
|---|---|---|---|
| 001 | |||
| 003 | DO-SdBNP | ||
| 005 | 20240318103042.0 | ||
| 008 | 091001s2016 mx a r 000 0 spa d | ||
| 020 | _a9786076053867 | ||
| 040 |
_aDO-SdBNP _bspa _cBPMSU |
||
| 082 |
_aM861.6 _bV719m 2016 _222 |
||
| 100 | 1 |
_aVillarreal, Minerva Margarita, _d 1957- |
|
| 245 | 1 | 0 |
_aLas maneras del agua / _cMinerva Margarita Villareal. |
| 260 |
_aMéxico: _bFondo de Cultura Económica, _c2016 |
||
| 300 |
_a81 p. ; _c22 cm. _b |
||
| 490 | 0 | _aPoesía | |
| 586 | _aPremio Bellas Artes de Poesía Aguascalientes 2016 | ||
| 590 | _aInventariado, 2024/VM | ||
| 650 | 4 | _aPoesía mexicana | |
| 650 | 4 |
_aVida cotidiana _vPoesías. |
|
| 650 | 4 | _aLiteratura mexicana | |
| 710 | 2 | _aFondo de Cultura Económica (México) | |
| 910 | _aVMateo V. Cotrol de calidad. BPMSU | ||
| 942 |
_2ddc _cBK |
||
| 999 |
_c14601 _d14601 |
||